[Event "GER-chT Christmas U16 Lasker"]
[Site "Playchess.com INT"]
[Date "2020.12.28"]
[Round "4.2"]
[White "Hiebner, Carina"]
[Black "Wang, Xinyuan1111"]
[Result "0-1"]
[WhiteElo "1558"]
[BlackElo "1759"]
[PlyCount "94"]
[EventDate "2020.12.28"]
[EventType "team-swiss (blitz)"]
[EventRounds "7"]
[EventCountry "GER"]
[SourceTitle "CBM 200 Extra"]
[Source "ChessBase"]
[SourceDate "2021.03.31"]
[SourceVersion "1"]
[SourceVersionDate "2021.03.31"]
[SourceQuality "1"]
[WhiteTeam "Regensburg Bavaria"]
[BlackTeam "Karlsruhe"]
[WhiteTeamCountry "GER"]
[BlackTeamCountry "GER"]

1. d4 Nf6 2. Bf4 e6 3. e3 c5 4. c3 d5 5. Nf3 Nc6 6. Nbd2 Bd6 7. Bg3 0-0 8. Bd3 b6 9. Ne5 Qc7 10. Ndf3 Nd7 11. Nxd7 Bxd7 12. 0-0 e5 13. dxe5 Nxe5 14. Nxe5 Bxe5 15. f4 Bf6 16. Qh5 g6 17. Qxd5 Bc6 18. Qb3 Rfe8 19. Rfe1 Rad8 20. Rad1 Qb7 21. Qc2 Rd7 22. Re2 b5 23. c4 b4 24. b3 Bc3 25. Be1 Bg7 26. Rdd2 Rde7 27. Bf2 Bxg2 28. Bh4 Bf3 29. Bxe7 Bxe2 30. Bxc5 Bg4 31. e4 a5 32. Rf2 Qd7 33. Rd2 Bh3 34. Bf1 Qg4+ 35. Bg2 Bxg2 36. Rxg2 Qxf4 37. Re2 Re5 38. Bf2 Rg5+ 39. Bg3 Bd4+ 40. Kg2 h5 41. Qd3 Bb6 42. h4 Qxh4 43. Qf3 Bc7 44. e5 Qd4 45. Kf1 h4 46. Bf2 Qd1+ 47. Re1 Qxf3 0-1

[Event "AUT-chT District U18 Online Rapid"]
[Site "Playchess.com INT"]
[Date "2020.12.12"]
[Round "2"]
[White "Dotzer, Lukas"]
[Black "Hiebner, Carina"]
[Result "1-0"]
[WhiteElo "1885"]
[BlackElo "1598"]
[PlyCount "65"]
[EventDate "2020.12.12"]
[EventType "team-swiss (rapid)"]
[EventRounds "9"]
[EventCountry "AUT"]
[SourceTitle "EXT 2022"]
[Source "ChessBase"]
[SourceDate "2021.10.06"]
[SourceVersion "1"]
[SourceVersionDate "2021.10.06"]
[SourceQuality "1"]

1. e4 d6 2. d4 Nf6 3. Nc3 g6 4. f4 Bg7 5. Nf3 0-0 6. Be3 b6 7. e5 Ng4 8. Bg1 c5 9. h3 Nh6 10. Qd2 Nf5 11. dxc5 dxc5 12. Bf2 Nc6 13. 0-0-0 Bb7 14. Qd7 Na5 15. Be2 Bc6 16. Qd2 Qc7 17. g4 Rfd8 18. Qe1 Nd4 19. Bxd4 cxd4 20. Nb5 Bxb5 21. Bxb5 a6 22. Bd3 Nc6 23. h4 b5 24. h5 Rac8 25. hxg6 fxg6 26. Ng5 Qd7 27. Rxh7 Qxg4 28. Rh4 Qd7 29. Bxg6 a5 30. Qh1 Nb4 31. Rh8+ Bxh8 32. Qh7+ Kf8 33. Qf7# 1-0

[Event "AUT-ch Vor1 Internet (Women)"]
[Site "Playchess.com INT"]
[Date "2020.05.30"]
[Round "2"]
[White "Hiebner, Carina"]
[Black "Saler Grafenberger, Elisabeth"]
[Result "1-0"]
[WhiteElo "1561"]
[BlackElo "1842"]
[PlyCount "83"]
[EventDate "2020.05.30"]
[EventType "swiss (blitz)"]
[EventRounds "9"]
[EventCountry "AUT"]
[SourceTitle "CBM 196 Extra"]
[Source "ChessBase"]
[SourceDate "2020.07.31"]
[SourceVersion "1"]
[SourceVersionDate "2020.07.31"]
[SourceQuality "1"]

1. d4 Nf6 2. Bf4 d6 3. Nc3 Nbd7 4. Qd2 g6 5. 0-0-0 Bg7 6. e4 Kf8 7. f3 a5 8. Kb1 h6 9. h4 Kg8 10. g4 c6 11. e5 Nd5 12. Nxd5 cxd5 13. exd6 e6 14. Ne2 b5 15. Nc3 b4 16. Nb5 Nb6 17. h5 g5 18. Be5 Bd7 19. Nc7 Ra7 20. Qe3 a4 21. Bxg7 Kxg7 22. Qe5+ f6 23. Qe3 Kf7 24. f4 Na8 25. Nxa8 Qxa8 26. Bd3 Rc8 27. f5 a3 28. b3 Rc3 29. Rh2 Qc8 30. Rc1 Rac7 31. Qe1 Qa8 32. Re2 Qc8 33. fxe6+ Bxe6 34. Bg6+ Kg7 35. dxc7 Rxc7 36. Rxe6 Qd8 37. Re2 Qd6 38. Qd2 Rc3 39. Re3 Qc7 40. Rxc3 bxc3 41. Qe3 Qd6 42. Re1 1-0

[Event "AUT-ch Vor4 Internet"]
[Site "Playchess.com INT"]
[Date "2020.04.25"]
[Round "4"]
[White "Hiebner, Carina"]
[Black "Hofer, Maximilian"]
[Result "0-1"]
[WhiteElo "1561"]
[BlackElo "2108"]
[PlyCount "97"]
[EventDate "2020.04.25"]
[EventType "swiss (blitz)"]
[EventRounds "9"]
[EventCountry "AUT"]
[SourceTitle "EXT 2021"]
[Source "ChessBase"]
[SourceDate "2020.10.23"]
[SourceVersion "1"]
[SourceVersionDate "2020.10.23"]
[SourceQuality "1"]

1. c4 Nf6 2. g3 g6 3. Bg2 Bg7 4. Nc3 0-0 5. e3 c6 6. d4 d5 7. c5 Nbd7 8. b4 e5 9. Nge2 exd4 10. Nxd4 a5 11. bxa5 Qxa5 12. Bb2 Qa6 13. Nb3 Ne5 14. Bf1 Qa7 15. Bg2 Bg4 16. f3 Qa6 17. fxg4 Nd3+ 18. Kf1 Nxb2+ 19. Qe2 Nc4 20. Kf2 Rae8 21. Rhe1 Rxe3 22. Qc2 Nxg4+ 23. Kg1 Rxc3 24. Qe2 Rxb3 25. axb3 Bd4+ 26. Kh1 Bxa1 27. bxc4 Nh6 28. Bf1 dxc4 29. Qd2 Bg7 30. Qc2 Qa8 31. Bxc4 Qd8 32. Rd1 Qe7 33. Bf1 Nf5 34. Qd2 Nd4 35. Re1 Qf6 36. Rd1 Qf3+ 37. Bg2 Qg4 38. Rf1 Nf5 39. Bf3 Qc4 40. Be2 Qxc5 41. Rc1 Qe5 42. Re1 Nd4 43. Bd3 Qd5+ 44. Kg1 Nf3+ 45. Kf1 Nxd2+ 46. Ke2 Nb3 47. Rd1 Re8+ 48. Kf2 Bd4+ 49. Kf1 0-1

[Event "AUT-ch Vor4 Internet"]
[Site "Playchess.com INT"]
[Date "2020.04.25"]
[Round "5"]
[White "Thummer, Philipp"]
[Black "Hiebner, Carina"]
[Result "1-0"]
[WhiteElo "1207"]
[BlackElo "1561"]
[PlyCount "143"]
[EventDate "2020.04.25"]
[EventType "swiss (blitz)"]
[EventRounds "9"]
[EventCountry "AUT"]
[SourceTitle "EXT 2021"]
[Source "ChessBase"]
[SourceDate "2020.10.23"]
[SourceVersion "1"]
[SourceVersionDate "2020.10.23"]
[SourceQuality "1"]

1. e4 d6 2. d4 Nf6 3. Nc3 g6 4. Bg5 Bg7 5. Qd2 0-0 6. Bh6 Nbd7 7. Bxg7 Kxg7 8. h4 h5 9. f3 c6 10. Bd3 b5 11. b4 a5 12. Nce2 e5 13. Nh3 axb4 14. Qxb4 Nb6 15. Nf2 Ra4 16. Qc3 Bd7 17. dxe5 dxe5 18. Qxe5 Re8 19. Qc3 Qa8 20. g4 hxg4 21. fxg4 Ra3 22. Qd4 Qa5+ 23. Kf1 Ra4 24. Qb2 Rb4 25. Qc3 Ra4 26. Qxa5 Rxa5 27. h5 Nxg4 28. Nxg4 Bxg4 29. hxg6 fxg6 30. Nd4 Rf8+ 31. Ke1 Bd7 32. Rg1 Nc8 33. e5 Ne7 34. Kd2 Ra4 35. c3 Raa8 36. e6 Be8 37. Rg2 Rd8 38. Kc2 Ra8 39. Kb2 Ra5 40. Rag1 Ra8 41. Be4 Rf6 42. Rh2 c5 43. Nxb5 Rxe6 44. Bxa8 Bxb5 45. Rgh1 Rf6 46. Rh7+ Kf8 47. Rh8+ Ng8 48. Bd5 Ke7 49. Kb3 Bd7 50. Rxg8 Rb6+ 51. Kc2 Bf5+ 52. Kc1 Rb1+ 53. Kd2 Rxh1 54. Rg7+ Kf6 55. Bxh1 Kxg7 56. a4 Bc8 57. a5 Ba6 58. Ke3 Kf6 59. Ke4 Ke6 60. Bf3 Kd6 61. Bg4 Kc7 62. Kd5 Bb7+ 63. Kxc5 Ba6 64. c4 g5 65. Be6 Kb8 66. Kb6 Bb7 67. a6 Be4 68. Bd5 Bxd5 69. cxd5 g4 70. d6 g3 71. d7 g2 72. d8Q# 1-0

[Event "Styrian op U14/18 26th"]
[Site "Mureck"]
[Date "2019.08.07"]
[Round "8"]
[White "Jauschneg, Fridolin"]
[Black "Hiebner, Carina"]
[Result "1-0"]
[WhiteElo "1391"]
[BlackElo "1455"]
[PlyCount "120"]
[EventDate "2019.07.31"]
[EventType "swiss"]
[EventRounds "9"]
[EventCountry "AUT"]
[SourceTitle "EXT 2020"]
[Source "ChessBase"]
[SourceDate "2019.10.17"]
[SourceVersion "1"]
[SourceVersionDate "2019.10.17"]
[SourceQuality "1"]

1. e4 d6 2. d4 Nf6 3. Nc3 g6 4. f4 c6 5. Nf3 b5 6. Bd3 Qc7 7. h3 Nbd7 8. Be3 e5 9. Qd2 a5 10. Ne2 Ba6 11. g4 c5 12. dxe5 dxe5 13. Ng3 c4 14. Be2 Bb7 15. fxe5 Nxe4 16. Nxe4 Bxe4 17. Bf4 Qb7 18. Rf1 Bg7 19. 0-0-0 a4 20. a3 Rc8 21. Ng5 Nc5 22. Nxe4 Nxe4 23. Qe3 Nc5 24. Bf3 Qa7 25. Rd5 0-0 26. Rfd1 Qe7 27. Bg5 f6 28. exf6 Qxe3+ 29. Bxe3 Rxf6 30. Rxc5 Rxc5 31. Bxc5 Rxf3 32. Rd8+ Bf8 33. Bxf8 Rxf8 34. Rxf8+ Kxf8 35. Kd2 Ke7 36. Ke3 h6 37. h4 Kf6 38. Kf4 g5+ 39. hxg5+ hxg5+ 40. Ke4 Ke6 41. c3 Kf6 42. Kd5 Kf7 43. Ke5 Kg6 44. Ke6 Kh7 45. Kf7 Kh6 46. Kf6 Kh7 47. Kxg5 Kg7 48. Kf5 Kf7 49. g5 Kg7 50. g6 Kg8 51. Ke6 Kg7 52. Kd5 Kxg6 53. Kc5 Kf5 54. Kxb5 Ke6 55. Kxc4 Kd6 56. Kb5 Kc7 57. Kxa4 Kb6 58. b4 Ka6 59. c4 Kb7 60. Kb5 Kc7 1-0

[Event "EU Union-ch U14 16th"]
[Site "Mureck"]
[Date "2018.08.06"]
[Round "6"]
[White "Chockalingam, Krithik"]
[Black "Hiebner, Carina"]
[Result "1/2-1/2"]
[WhiteElo "1295"]
[BlackElo "1504"]
[PlyCount "60"]
[EventDate "2018.08.01"]
[EventType "swiss"]
[EventRounds "9"]
[EventCountry "AUT"]
[SourceTitle "CBM 186 Extra"]
[Source "ChessBase"]
[SourceDate "2018.08.24"]
[SourceVersion "1"]
[SourceVersionDate "2018.08.24"]
[SourceQuality "1"]

1. e4 c6 2. d4 d6 3. Nc3 Nf6 4. Nf3 g6 5. Be3 Bg7 6. Qd2 0-0 7. Be2 Nbd7 8. 0-0 Qc7 9. h3 e5 10. Bd3 Re8 11. Rfe1 a6 12. a3 b5 13. dxe5 dxe5 14. a4 Bb7 15. axb5 cxb5 16. Rad1 Nc5 17. Bxc5 Qxc5 18. Ra1 Rad8 19. Qc1 Nh5 20. Ne2 Re7 21. Qb1 Bh6 22. Qa2 Nf4 23. Nxf4 Bxf4 24. Qa3 Qxa3 25. Rxa3 f6 26. g3 Bh6 27. Raa1 Bc8 28. g4 Bf4 29. Red1 Red7 30. Kg2 Bb7 1/2-1/2

[Event "EU Union-ch U14 16th"]
[Site "Mureck"]
[Date "2018.08.04"]
[Round "4"]
[White "Vanderstappen, Louise"]
[Black "Hiebner, Carina"]
[Result "1-0"]
[WhiteElo "1358"]
[BlackElo "1504"]
[PlyCount "139"]
[EventDate "2018.08.01"]
[EventType "swiss"]
[EventRounds "9"]
[EventCountry "AUT"]
[SourceTitle "CBM 186 Extra"]
[Source "ChessBase"]
[SourceDate "2018.08.24"]
[SourceVersion "1"]
[SourceVersionDate "2018.08.24"]
[SourceQuality "1"]

1. e4 d6 2. d4 g6 3. Nf3 Bg7 4. Nc3 Nc6 5. Be3 Nf6 6. Bc4 0-0 7. Qd2 e5 8. dxe5 Nxe5 9. Nxe5 dxe5 10. Rd1 Qxd2+ 11. Rxd2 Bd7 12. 0-0 Bc6 13. Re1 a6 14. f3 b5 15. Bd5 Nxd5 16. Nxd5 Bxd5 17. Rxd5 c6 18. Rd6 Rfc8 19. Red1 c5 20. b3 c4 21. h3 cxb3 22. cxb3 Bf8 23. R6d5 Rc3 24. Bg5 Bc5+ 25. Kh2 Bd4 26. Rd2 Rac8 27. Bf6 R3c5 28. Rxc5 Rxc5 29. f4 Rc8 30. fxe5 Bc3 31. Rd6 Re8 32. Rxa6 Bxe5+ 33. Bxe5 Rxe5 34. Ra5 Rxe4 35. Rxb5 f5 36. a4 f4 37. a5 Re2 38. Kg1 Ra2 39. Rb8+ Kg7 40. b4 g5 41. Rb6 Ra1+ 42. Kf2 Ra2+ 43. Kf3 Ra3+ 44. Kg4 Rg3+ 45. Kf5 Rxg2 46. Rb7+ Kh6 47. Ke4 Rg3 48. a6 Re3+ 49. Kd4 Re8 50. a7 Ra8 51. b5 Rd8+ 52. Ke4 Re8+ 53. Kf5 Ra8 54. b6 f3 55. Ke6 f2 56. Rf7 Re8+ 57. Kd7 Re2 58. a8Q Rd2+ 59. Kc7 Rc2+ 60. Qc6+ Rxc6+ 61. Kxc6 Kg6 62. Rxf2 Kh5 63. b7 h6 64. b8Q Kh4 65. Qd6 Kh5 66. Rg2 g4 67. hxg4+ Kg5 68. Rf2 Kh4 69. Qh2+ Kg5 70. Qh5# 1-0

[Event "EU Union-ch U14 16th"]
[Site "Mureck"]
[Date "2018.08.01"]
[Round "1"]
[White "Hiebner, Carina"]
[Black "Raats, Joppe"]
[Result "0-1"]
[WhiteElo "1504"]
[BlackElo "1862"]
[PlyCount "60"]
[EventDate "2018.08.01"]
[EventType "swiss"]
[EventRounds "9"]
[EventCountry "AUT"]
[SourceTitle "CBM 186 Extra"]
[Source "ChessBase"]
[SourceDate "2018.08.24"]
[SourceVersion "1"]
[SourceVersionDate "2018.08.24"]
[SourceQuality "1"]

1. d4 d5 2. Bf4 Nf6 3. e3 e6 4. Nf3 Nbd7 5. Nbd2 b6 6. h3 Bb7 7. c3 Be7 8. Be2 c5 9. 0-0 0-0 10. Re1 a6 11. Bd3 b5 12. a3 Rc8 13. e4 cxd4 14. cxd4 dxe4 15. Nxe4 Nd5 16. Bh2 N7f6 17. Qb1 Qb6 18. Nxf6+ Nxf6 19. Be5 Bxf3 20. gxf3 Kh8 21. Kh2 Nd7 22. Re2 Nxe5 23. dxe5 Qd4 24. Bxh7 Qf4+ 25. Kg1 Qg5+ 26. Kh2 g6 27. Bxg6 fxg6 28. Qe4 Rf4 29. Qb7 Rcf8 30. Rg1 Qh5 0-1

[Event "AUT-ch U16 Girls"]
[Site "St Veit"]
[Date "2018.03.25"]
[Round "2"]
[White "Hiebner, Carina"]
[Black "Moerwald, Miriam"]
[Result "1/2-1/2"]
[WhiteElo "1042"]
[BlackElo "1714"]
[PlyCount "134"]
[EventDate "2018.03.25"]
[EventType "swiss"]
[EventRounds "7"]
[EventCountry "AUT"]
[SourceTitle "EXT 2019"]
[Source "ChessBase"]
[SourceDate "2018.10.10"]
[SourceVersion "1"]
[SourceVersionDate "2018.10.10"]
[SourceQuality "1"]

1. d4 Nf6 2. Bf4 g6 3. e3 Bg7 4. Nf3 0-0 5. Bd3 d6 6. h3 Nfd7 7. 0-0 e5 8. Bg3 Qe7 9. Nbd2 Nc6 10. c3 f5 11. Bc4+ Kh8 12. Bh4 Qe8 13. Ng5 Nf6 14. e4 h6 15. Ngf3 g5 16. d5 Ne7 17. Bg3 fxe4 18. Nh2 Bf5 19. Nb1 h5 20. f3 h4 21. Bf2 Qh5 22. Be2 Qh7 23. c4 Bg6 24. Nc3 exf3 25. Nxf3 Bh6 26. Be3 g4 27. Ng5 Bc2 28. Qc1 Qg6 29. Ne6 Bxe3+ 30. Qxe3 gxh3 31. Qxh3 Rg8 32. Qxh4+ Nh7 33. Qh3 Bf5 34. Qh2 Bxe6 35. dxe6 Qxe6 36. Nb5 Qd7 37. Bd3 Ng6 38. Rf6 Nf4 39. Qxh7+ Qxh7 40. Bxh7 Rxg2+ 41. Kf1 Kxh7 42. Rf7+ Rg7 43. Rxc7 Rxc7 44. Nxc7 Rc8 45. Nb5 Rxc4 46. Nxd6 Rc7 47. Re1 Re7 48. Nf5 Re6 49. Re3 Kg8 50. Rg3+ Kf8 51. Kf2 Rf6 52. Ne3 Nd3+ 53. Ke2 Nxb2 54. Ng4 Re6 55. Rf3+ Ke7 56. Rb3 Rb6 57. Rxb6 axb6 58. Nxe5 Kd6 59. Nf7+ Kc7 60. Ne5 Na4 61. Kd2 b5 62. a3 Nb2 63. Kc3 Na4+ 64. Kb4 Kb6 65. Nd7+ Ka6 66. Nb8+ Kb6 67. Nd7+ Ka6 1/2-1/2

[Event "AUT-ch U14 Girls"]
[Site "St Veit"]
[Date "2017.06.04"]
[Round "3.2"]
[White "Nussbaumer, Alexa"]
[Black "Hiebner, Carina"]
[Result "1-0"]
[WhiteElo "1316"]
[BlackElo "936"]
[PlyCount "95"]
[EventDate "2017.06.03"]
[EventType "swiss"]
[EventRounds "7"]
[EventCountry "AUT"]
[SourceTitle "EXT 2024"]
[Source "ChessBase"]
[SourceDate "2023.10.10"]
[SourceVersion "1"]
[SourceVersionDate "2023.10.10"]
[SourceQuality "1"]

1. e4 e5 2. Nf3 Nc6 3. d4 exd4 4. Nxd4 Bc5 5. Nxc6 Qf6 6. Qf3 dxc6 7. Qxf6 Nxf6 8. Bd3 0-0 9. Nc3 a6 10. Bf4 Bb6 11. f3 Re8 12. 0-0-0 Bd7 13. Rhe1 Rac8 14. Bc4 Be6 15. Bxe6 Rxe6 16. Re2 Ree8 17. g4 h6 18. h4 Rcd8 19. Red2 Rxd2 20. Rxd2 Ba5 21. Rd3 Bxc3 22. Rxc3 Re7 23. Rd3 c5 24. Rd8+ Kh7 25. g5 hxg5 26. Bxg5 Re6 27. Rc8 c6 28. Rc7 b5 29. Rxf7 Kg6 30. Ra7 c4 31. Rxa6 b4 32. Ra4 c5 33. a3 c3 34. axb4 cxb4 35. Rxb4 cxb2+ 36. Kxb2 Nh5 37. c4 Rc6 38. Kb3 Rc5 39. Rb5 Rc6 40. Kb4 Ng3 41. c5 Ne2 42. Rb6 Rxb6+ 43. cxb6 Nd4 44. Kc5 Ne6+ 45. Kd6 Nxg5 46. hxg5 Kxg5 47. b7 Kf4 48. b8Q 1-0